Boston Celtics All-Decade Teams - Statistics

General Stats
  • This quiz has been taken 498 times
    321 since last reset
  • The average score is 27 of 40
Answer Stats
Decade Position Years WS Answer % Correct
2020s PF/SF 2020-2026 55.1 Jayson Tatum
100%
1990s PG/SG 1991-1998 28.2 Dee Brown
99%
2020s SF/SG 2020-2026 38.5 Jaylen Brown
99%
2020s SG 2022-2026 33.3 Derrick White
96%
1970s PG 1970-1979 51.0 Jo Jo White
96%
1980s SF/PF 1980-1989 124.2 Larry Bird
96%
2010s SF 2010-2013 34.1 Paul Pierce
95%
2000s SF/SG 2000-2009 99.4 Paul Pierce
95%
2010s PF/C 2010-2013 28.8 Kevin Garnett
94%
2020s C 2022-2025 24.5 Al Horford
93%
2010s C 2017-2019 21.6 Al Horford
93%
2010s PG 2010-2015 26.4 Rajon Rondo
90%
2000s PG 2007-2009 19.5 Rajon Rondo
90%
2010s SG 2010-2012 22.6 Ray Allen
90%
2000s SG 2008-2009 20.8 Ray Allen
90%
1960s C 1960-1969 133.1 Bill Russell
89%
1950s C 1957-1959 30.4 Bill Russell
89%
1970s SF/SG 1970-1978 85.7 John Havlicek
84%
1960s SF/SG 1963-1969 46.1 John Havlicek
84%
1990s PF 1990-1993 25.7 Kevin McHale
84%
1980s PF 1981-1989 87.3 Kevin McHale
84%
1950s PG 1951-1959 64.5 Bob Cousy
82%
1990s C 1990-1994 36.0 Robert Parish
82%
1980s C 1981-1989 86.4 Robert Parish
82%
1960s SG/PG 1960-1969 84.9 Sam Jones
65%
1970s C 1971-1979 78.3 Dave Cowens
64%
2000s PF 2000-2005 21.6 Antoine Walker
61%
2020s PG/SG 2021-2026 29.4 Payton Pritchard
58%
1980s PG/SG 1984-1989 31.4 Dennis Johnson
57%
1980s SG/PG 1982-1989 39.9 Danny Ainge
49%
1960s PF/SF 1960-1965 40.3 Tom Heinsohn
42%
1950s SG 1952-1959 67.6 Bill Sharman
38%
1990s SG 1990-1993 31.6 Reggie Lewis
29%
1950s C/PF 1951-1956 75.5 Ed Macauley
22%
1960s SF/PF 1961-1969 51.3 Tom Sanders
21%
1970s SF/PF 1970-1976 47.5 Don Nelson
17%
1950s SF/SG 1955-1959 23.2 Frank Ramsey
17%
1970s PF 1973-1976 33.5 Paul Silas
17%
2000s C 2000-2004 18.9 Tony Battie
5%
1990s SF 1990-1994 25.5 Kevin Gamble
4%
No matching quizzes found
Score Distribution
Percent of People with Each Score
Percentile by Number Answered
Your Score History
You have not taken this quiz since the last reset